[Event "It"]
[Site "Montreal CAN"]
[Date "2002.08.01"]
[Round "7"]
[White "Ftacnik,L"]
[Black "Kotronias,V"]
[Result "1/2-1/2"]
[WhiteElo "2602"]
[BlackElo "2578"]

1.d4 Nf6 2.Nf3 e6 3.c4 d5 4.g3 Be7 5.Bg2 O-O 6.O-O dxc4 7.Qc2 a6 8.a4 Bd7
9.Bg5 Bc6 10.Qxc4 Bd5 11.Qd3 Be4 12.Qd1 c5 13.Nbd2 Bd5 14.dxc5 Nbd7 15.Qc2 Rc8
16.e4 Bc6 17.b4 b6 18.Rfb1 Ba8 19.e5 Nd5 20.Bxe7 Qxe7 21.Nc4 bxc5 22.b5 Nb4
23.Qe2 Bd5 24.Nfd2 Nc2 25.Ra2 Nb4 26.Rab2 axb5 27.axb5 Qd8 28.f4 Rb8 29.Nd6 f6
30.Bxd5 Nxd5 31.exf6 Qxf6 32.N2e4 Qg6 33.Kh1 h6 34.Rc1 Rfd8 35.Nc4 Kh8 36.Rd2 Ra8
37.Ned6 N5b6 38.Rcd1 Rf8 39.Re1 Rf6 40.Ne4 Rf5 41.Nxb6 Nxb6 42.Rd6 Rb8 43.Nf2 c4
44.Rxe6 Qf7 45.Rb1 Qd7 46.Re7 Qd5+ 47.Kg1 Qc5 48.Re8+ Rxe8 49.Qxe8+ Kh7 50.Qe4 Kg8
51.Kf1 c3 52.Nd3 Qd5 53.Qxd5+ Rxd5 54.Ke2 g5 55.fxg5 hxg5 56.Rb3 Kg7 57.Ke3 c2
58.Rc3 Rxb5 59.Rxc2 Nd5+ 60.Kd4 Nf6 61.Rc7+ Kg6 62.h3 Rd5+ 63.Ke3 Rd6 64.Rc5 Nd7
65.Rb5 Re6+ 66.Kf3 Rd6 67.Nf2 Nf6 68.g4 Ra6 69.Rb3 Re6 70.Ra3 Nd7 71.Ra5 Ne5+
72.Kg2 Nd7 73.Ra2 Nf6 74.Nh1 Nd5 75.Ng3 Nf4+ 76.Kh2 Rb6 77.Ne4 Re6 78.Ra4 Rb6  1/2-1/2

[Event "8th Open"]
[Site "Chambery FRA"]
[Date "2002.08.06"]
[Round "5"]
[White "Horvath,Jo"]
[Black "Senff,M"]
[Result "1/2-1/2"]
[WhiteElo "2535"]
[BlackElo "2464"]

1.c4 Nf6 2.Nf3 e6 3.g3 d5 4.d4 Be7 5.Bg2 O-O 6.O-O dxc4 7.Ne5 Nc6 8.Bxc6 bxc6
9.Nxc6 Qe8 10.Nxe7+ Qxe7 11.Qa4 e5 12.dxe5 Qxe5 13.Qxc4 Be6 14.Qd3 Rad8 15.Qe3 Qh5
16.f3 Bc4 17.Nc3 Rfe8 18.Qg5 Qh3 19.Be3  1/2-1/2

[Event "FSIMB August"]
[Site "Budapest HUN"]
[Date "2002.08.07"]
[Round "5"]
[White "Chetverik,M"]
[Black "Namyslo,H"]
[Result "1-0"]
[WhiteElo "2316"]
[BlackElo "2315"]

1.d4 d5 2.c4 e6 3.Nf3 Nf6 4.g3 Be7 5.Bg2 O-O 6.O-O dxc4 7.Qc2 a6 8.Qxc4 b5
9.Qc2 Bb7 10.Bd2 b4 11.Bg5 Be4 12.Qc1 Nbd7 13.Nbd2 Bb7 14.Nb3 c5 15.Bxf6 gxf6
16.dxc5 Rc8 17.Rd1 Qc7 18.Qh6 Nxc5 19.Nxc5 Qxc5 20.Rd4 Bxf3 21.Rh4 Bh5 22.Rxh5 Qc2
23.e4  1-0

[Event "FSGM August"]
[Site "Budapest HUN"]
[Date "2002.08.09"]
[Round "7"]
[White "Horvath,Cs"]
[Black "Balogh,C"]
[Result "1/2-1/2"]
[WhiteElo "2517"]
[BlackElo "2441"]

1.d4 Nf6 2.c4 e6 3.g3 d5 4.Nf3 Be7 5.Bg2 O-O 6.O-O dxc4 7.Ne5 Nc6 8.Bxc6 bxc6
9.Nxc6 Qe8 10.Nxe7+ Qxe7 11.Qa4 c5 12.Qxc4 cxd4 13.Qxd4 e5 14.Qh4 h6 15.Nc3 Bb7
16.e4 Rab8 17.Be3 Ba8 18.Rac1 Rfe8  1/2-1/2

[Event "6th Open"]
[Site "Genova ITA"]
[Date "2002.08.09"]
[Round "8"]
[White "Todorov,O"]
[Black "Dervishi,E"]
[Result "0-1"]
[WhiteElo "2376"]
[BlackElo "2523"]

1.d4 Nf6 2.Nf3 e6 3.c4 d5 4.g3 Be7 5.Bg2 O-O 6.O-O dxc4 7.Qc2 a6 8.Qxc4 b5
9.Qc2 Bb7 10.Bf4 Nd5 11.Nc3 Nxf4 12.gxf4 Nd7 13.e3 Ra7 14.Rfd1 Qa8 15.Ne1 Bxg2
16.Nxg2 c5 17.d5 Nf6 18.d6 Bd8 19.a4 Ba5 20.axb5 Bxc3 21.bxc3 axb5 22.Rxa7 Qxa7
23.e4 Qa4 24.Qxa4 bxa4 25.e5 Nd7 26.Ne3 Ra8 27.Ra1 f6 28.f5 Kf7 29.exf6 gxf6
30.Nc4 exf5 31.Kf1 Ke6 32.Ke2 f4 33.Na3 Kxd6 34.Kf3 Nb6 35.c4 Re8 36.Kxf4 Re2
37.Rd1+ Kc6 38.Kf3 Ra2 39.Rd3 Nd7 40.Ke4 Re2+ 41.Kf3 Rb2 42.Ke4 Ne5 43.Rh3 Re2+
44.Kf5 Rxf2+ 45.Ke4 Nf7 46.Rh5 Ng5+  0-1

[Event "Ladies"]
[Site "Stockholm SWE"]
[Date "2002.08.09"]
[Round "7"]
[White "Johansson,V"]
[Black "Matras,A"]
[Result "1/2-1/2"]
[WhiteElo "2176"]
[BlackElo "2247"]

1.d4 Nf6 2.c4 e6 3.Nf3 d5 4.g3 Be7 5.Bg2 O-O 6.O-O b6 7.Nc3 Bb7 8.cxd5 exd5
9.Qb3 Nc6 10.Rd1 Re8 11.Bg5 Na5 12.Qc2 Ne4 13.Bxe7 Qxe7 14.e3 Rad8 15.Rac1 Nd6
16.b3 c6 17.Re1 Bc8 18.Ne5 Bf5 19.Qe2 Rc8 20.Na4 Be4 21.Bh3 Rc7 22.Nc3 Bg6  1/2-1/2

[Event "ch-GBR"]
[Site "Torquay ENG"]
[Date "2002.08.09"]
[Round "11"]
[White "Martyn,R"]
[Black "Buckley,M"]
[Result "1-0"]
[WhiteElo "2201"]
[BlackElo "2184"]

1.d4 Nf6 2.c4 e6 3.g3 d5 4.Bg2 Be7 5.Nf3 O-O 6.O-O dxc4 7.Qc2 a6 8.Qxc4 b5
9.Qc2 Bb7 10.Bg5 Nbd7 11.Bxf6 Nxf6 12.Nbd2 Rc8 13.Nb3 Be4 14.Qc3 Nd5 15.Qd2 c5
16.dxc5 Bxc5 17.Nxc5 Rxc5 18.Rac1 Rxc1 19.Rxc1 Qa8 20.Ne1 Bxg2 21.Nxg2 Rc8
22.Ne1 h6 23.Nd3 Rxc1+ 24.Qxc1 Nf6 25.f3 Qb7 26.Qc5 a5 27.Kg2 Nd5 28.Ne5 Qc7
29.Qxc7 Nxc7 30.Nc6 a4 31.Kf2 f6 32.f4 g5 33.e4 Kf7 34.Ke3 Kg6 35.Kd4 gxf4
36.gxf4 Kh5 37.Kc5 Kg4 38.f5 exf5 39.exf5 Kxf5 40.Kb6 Ne6 41.Kxb5 Ke4 42.Ne7 f5
43.Nxf5 Kxf5 44.Kxa4 Ke5 45.Kb5 Kd6 46.a4 Kc7 47.Kc4 Kb6 48.b4 h5 49.Kd3 Kc6
50.Ke4 Kb6 51.h4 Kc6 52.Kf5  1-0

[Event "6th HZ Open"]
[Site "Vlissingen NED"]
[Date "2002.08.09"]
[Round "7"]
[White "Nilssen,J"]
[Black "Westerkamp,B"]
[Result "1-0"]
[WhiteElo "2363"]
[BlackElo "2149"]

1.d4 Nf6 2.c4 e6 3.g3 d5 4.Nf3 Be7 5.Bg2 O-O 6.O-O dxc4 7.Qc2 c5 8.dxc5 Qc7
9.Qxc4 Qxc5 10.Qb3 Nc6 11.Nc3 Qb4 12.Qc2 Bd7 13.a3 Qa5 14.Rd1 Rfd8 15.Bg5 a6
16.b4 Qc7 17.Ne4 Rac8 18.Bf4 Qb6 19.Nd6 Bxd6 20.Rxd6 Be8 21.Rxd8 Rxd8 22.Be3 Qb5
23.Bc5 a5 24.bxa5 Qxa5 25.Rb1 Nd7 26.Bd6 Nf6 27.Qc5 Qxc5 28.Bxc5 Ne4 29.Be3 Ra8
30.Rb3 Na5 31.Rb4 Nf6 32.Nd4 h6 33.Bc1 Nd5 34.Bxd5 exd5 35.Nb5 Rc8 36.Bf4 Rc4
37.Nd6 Rxf4 38.Rxf4 Bc6 39.Nxf7 Nc4 40.Nd8 Nxa3 41.Rb4 Nc2 42.Rb2 Nd4 43.Nxb7 Nxe2+
44.Rxe2 Bxb7 45.f4 Kf7 46.Kf2 Kf6 47.Rb2 Bc8 48.Rb6+ Kf7 49.Ke3 Be6 50.Kd4 Kf6
51.g4 g6 52.h3 h5 53.g5+  1-0

[Event "6th HZ Open"]
[Site "Vlissingen NED"]
[Date "2002.08.10"]
[Round "8"]
[White "Haak,E"]
[Black "Van Weersel,A"]
[Result "1-0"]
[WhiteElo "2197"]
[BlackElo "2072"]

1.d4 d5 2.Nf3 Nf6 3.c4 e6 4.g3 Be7 5.Bg2 O-O 6.O-O dxc4 7.Nc3 Nbd7 8.e4 Nb6
9.Qe2 c5 10.dxc5 Bxc5 11.Rd1 Qe8 12.Ne5 Bd7 13.Bg5 Be7 14.Be3 Rc8 15.Bxb6 axb6
16.Nxc4 Bb5 17.Nxb5 Qxb5 18.b3 Rfd8 19.Rxd8+ Rxd8 20.Rd1 Ra8 21.h3 Qa6 22.e5 Nd5
23.Bxd5 exd5 24.Rxd5 b5 25.Nd6 b4 26.Qxa6 bxa6 27.Nf5 Bg5 28.Rd7 g6 29.Nd6 Rd8
30.Ra7 f6 31.Ne4 Re8 32.f4 Rxe5 33.Ra8+  1-0

[Event "11th Open"]
[Site "Kavala GRE"]
[Date "2002.08.11"]
[Round "3"]
[White "Antic,D"]
[Black "Marcetic,N"]
[Result "1/2-1/2"]
[WhiteElo "2481"]
[BlackElo "2365"]

1.d4 d5 2.c4 e6 3.Nf3 Nf6 4.g3 Be7 5.Bg2 O-O 6.O-O dxc4 7.Qc2 a6 8.a4 Bd7
9.Qxc4 Bc6 10.Bg5 Bd5 11.Qd3 c5 12.Nc3 Bc6 13.Rfd1 cxd4 14.Qxd4 Qxd4 15.Nxd4 Bxg2
16.Kxg2 h6 17.Bxf6 Bxf6 18.Ne4 Nc6 19.Nxf6+ gxf6 20.Nb3 Rfd8 21.Nc5 f5 22.Nxb7 Rdb8
23.Nc5 Rxb2 24.Rd6 Ne5 25.Kf1 Rc8 26.Nd7 Nxd7 27.Rxd7 Rcc2 28.Re1 Rc4 29.Ra1 Re4
30.e3 Rc4 31.Kg2 Rcc2 32.Rf1 Ra2 33.Rd4 a5 34.g4 Rc5 35.Rb1 fxg4 36.Rxg4+ Kh7
37.Rf4 Kg6 38.Rb7 Rf5 39.Rxf5 exf5 40.Ra7 Rxa4 41.Kf3 Ra2 42.Ra6+ f6 43.Ra7  1/2-1/2

[Event "ADCF Masters"]
[Site "Abu Dhabi UAE"]
[Date "2002.08.12"]
[Round "1"]
[White "Safin,S"]
[Black "Kayumov,S"]
[Result "1/2-1/2"]
[WhiteElo "2525"]
[BlackElo "2267"]

1.d4 d5 2.c4 e6 3.Nf3 Nf6 4.g3 Be7 5.Bg2 O-O 6.O-O c6 7.b3 Nbd7 8.Bb2 b6
9.Nbd2 Bb7 10.Qb1 Rc8 11.e4 dxe4 12.Nxe4 c5 13.Nfg5 Nxe4 14.Nxe4 cxd4 15.Bxd4 Rc7
16.Qb2 Qa8 17.f3 f6 18.Nc3 e5 19.Be3 Bc5 20.Qe2 Bxe3+ 21.Qxe3 Nc5 22.Rad1 Rd8
23.Rxd8+ Qxd8 24.Bh3 Rc6 25.Bf5 Rd6 26.b4 Ne6 27.a3 Nc7 28.f4 exf4 29.Rxf4 Qe8
30.Qxe8+ Nxe8 31.Be4 Bxe4 32.Rxe4 Kf7 33.Kf1 Nc7 34.Ke2 f5 35.Rf4 Ke6 36.g4 fxg4
37.Rxg4 g6 38.Ne4 Rd7 39.Ng5+  1/2-1/2

[Event "ch-AUT"]
[Site "Oberpullendorf AUT"]
[Date "2002.08.15"]
[Round "6"]
[White "Knoflicek,C"]
[Black "Steiner,B"]
[Result "1-0"]
[WhiteElo "2162"]
[BlackElo "2252"]

1.d4 d5 2.c4 e6 3.g3 Nf6 4.Bg2 Be7 5.Nf3 O-O 6.O-O Nbd7 7.b3 b6 8.Bb2 Bb7
9.Ne5 Rc8 10.Nd3 c5 11.dxc5 bxc5 12.Nd2 Qb6 13.e3 Rfd8 14.Qe2 Nb8 15.e4 d4
16.f4 Nc6 17.e5 Nd7 18.Ne4 Nb4 19.Bc1 Nxd3 20.Qxd3 Nb8 21.f5 exf5 22.Rxf5 Nd7
23.Bg5 Re8 24.Raf1 Bxg5 25.Nxg5 g6 26.Bxb7 Qxb7 27.Rxf7 Qc6 28.e6 Ne5 29.Qe2 Rxe6
30.Qf2 Ree8 31.Nxh7 Ng4 32.Qd2 Qe4 33.Nf6+ Nxf6 34.R7xf6 d3 35.Qh6 Qe3+ 36.Qxe3 Rxe3
37.Rxg6+ Kh8 38.Rd6 Kg8 39.Rd1 Rf8 40.R6xd3 Re2 41.R3d2 Re3 42.Rd8  1-0

[Event "ADCF Masters"]
[Site "Abu Dhabi UAE"]
[Date "2002.08.18"]
[Round "7"]
[White "Tissir,M"]
[Black "Al Tamimi,H"]
[Result "0-1"]
[WhiteElo "2376"]
[BlackElo "2105"]

1.Nf3 d5 2.d4 Nf6 3.c4 e6 4.g3 Be7 5.Bg2 O-O 6.O-O c6 7.Qc2 Nbd7 8.b3 b6
9.Nbd2 Ba6 10.e4 b5 11.e5 Ne8 12.c5 b4 13.Re1 Nc7 14.Nf1 Bb5 15.h4 f5 16.exf6 Nxf6
17.Ng5 h6 18.Nxe6 Nxe6 19.Rxe6 Ng4 20.Qg6 Nxf2 21.Bxh6 Bf6 22.Be3 Qc8 23.Rd6 Bd3
24.Qh5 g6 25.Bxd5+ cxd5 26.Qxd5+ Kh8 27.Bxf2 Bg7 28.Qe6 Qxe6 29.Rxe6 Rxf2
30.Rd1 Rxf1+ 31.Rxf1 Bxd4+ 32.Kg2 Bxf1+ 33.Kxf1 Rf8+ 34.Ke2 Kg7 35.c6 Bb6
36.Re4 Rc8 37.Rc4 Kf6 38.Kf3 Ke5 39.Kg4 Be3 40.Kf3 Bb6 41.Kg4 Be3 42.Kf3 Bd4
43.Kg4 Kd5 44.Rxb4 Rxc6 45.Rb7 Rc2 46.Kg5 Rxa2 47.Kxg6 Rg2 48.h5 Rxg3+ 49.Kf5 Bb6
50.h6 Rxb3 51.h7 Rh3 52.Kg6 Bd4 53.Rb8 Rh1 54.Rd8+ Kc5 55.Rc8+ Kb5 56.Rd8 Ba1
57.Rb8+ Ka4 58.Re8 a5 59.Re4+ Kb3 60.Re8 a4 61.Rb8+ Ka2  0-1

[Event "13th Summer Open"]
[Site "Recklinghausen GER"]
[Date "2002.08.19"]
[Round "1"]
[White "Fridman,D"]
[Black "Siepmann,M"]
[Result "1-0"]
[WhiteElo "2577"]
[BlackElo "2046"]

1.Nf3 e6 2.c4 Nf6 3.g3 d5 4.d4 Be7 5.Bg2 O-O 6.O-O dxc4 7.Qc2 a6 8.a4 Bd7
9.Qxc4 Bc6 10.Bg5 Bd5 11.Qd3 Be4 12.Qe3 Nbd7 13.Nc3 Bc6 14.Qd3 h6 15.Bxf6 Nxf6
16.e4 Rc8 17.Rfd1 Be8 18.d5 exd5 19.e5 Nd7 20.Nxd5 c6 21.Nxe7+ Qxe7 22.Bh3 Rc7
23.Re1 Nc5 24.Qd6 Ne6 25.Nh4 Rd7 26.Qxe7 Rxe7 27.Nf5 Rc7 28.a5 c5 29.Bg2 Nd4
30.Nxd4 cxd4 31.Rad1 Bc6 32.Rxd4 Bxg2 33.Kxg2 Rc2 34.b4 Rfc8 35.Red1 R2c4
36.Rd8+ Rxd8 37.Rxd8+ Kh7 38.Rd7 Rxb4 39.Rxf7 Rb5 40.f4  1-0

[Event "ADCF Masters"]
[Site "Abu Dhabi UAE"]
[Date "2002.08.21"]
[Round "9"]
[White "Safin,S"]
[Black "Magerramov,E"]
[Result "1/2-1/2"]
[WhiteElo "2525"]
[BlackElo "2551"]

1.d4 Nf6 2.c4 e6 3.Nf3 d5 4.g3 Be7 5.Bg2 O-O 6.O-O b6 7.cxd5 exd5 8.Nc3 Bb7
9.Ne5 Na6 10.Bf4 Qc8 11.Bg5 Rd8 12.Qb3 Qe6 13.Nd3 Qf5 14.Bxf6 Bxf6 15.Nf4 c6
16.Rfd1 Bg5 17.Nd3 Rab8 18.Ne5 c5 19.e3 Qe6 20.Nb5 Bf6 21.Nxa7 c4 22.Qc3 Qe8
23.a4 Bxe5 24.dxe5 Nc5 25.Nb5 Nxa4 26.Qb4 Bc6 27.Rxa4 Bxb5 28.Ra7 Bc6 29.Rc7 Ba8
30.f4 Qe6 31.Qb5 Qf5 32.Rd2 Qb1+ 33.Kf2 d4 34.exd4 Bxg2 35.Kxg2 Qe4+ 36.Kh3 Qf5+
37.Kg2 Qe4+ 38.Kh3 Qf5+ 39.Kg2  1/2-1/2

[Event "Open"]
[Site "Nikea GRE"]
[Date "2002.08.21"]
[Round "3"]
[White "Karayannis,A"]
[Black "Valden,P"]
[Result "1-0"]
[WhiteElo "2391"]
[BlackElo "2108"]

1.d4 Nf6 2.c4 e6 3.g3 d5 4.Nf3 Be7 5.Bg2 O-O 6.O-O dxc4 7.Nbd2 c5 8.Nxc4 Nc6
9.dxc5 Bxc5 10.Qc2 Qe7 11.Rd1 e5 12.Be3 Bxe3 13.Nxe3 Be6 14.b3 Rac8 15.Qb2 Ng4
16.Nd5 Bxd5 17.Rxd5 Nf6 18.Rdd1 Rcd8 19.e3 Rd6 20.Rxd6 Qxd6 21.Nd2 Qe6 22.Nc4 b5
23.Na3 a6 24.Rc1 Nb4 25.Qd2 Qe7 26.Nc2 Nxc2 27.Qxc2 Rd8 28.Qc6 Qa3 29.Qc7 Re8
30.Rc2 g6 31.h3 Re6 32.g4 h6 33.h4 Nxg4 34.Bd5 Rf6 35.Qc8+ Kg7 36.Qxg4 Qa5
37.b4 Qd8 38.Qe4 Rf5 39.Rc5 Qe7 40.a3 Qf6 41.Rc7 Qd8 42.Rb7  1-0

[Event "WY ol"]
[Site "Kuala Lumpur MAS"]
[Date "2002.08.22"]
[Round "4"]
[White "Woodward,T"]
[Black "Lip,C"]
[Result "1/2-1/2"]
[WhiteElo "2211"]
[BlackElo "2057"]

1.Nf3 d5 2.d4 Nf6 3.c4 e6 4.g3 Be7 5.Bg2 O-O 6.O-O c6 7.Qc2 Nbd7 8.Nbd2 b6
9.b3 Bb7 10.Bb2 Rc8 11.e4 dxe4 12.Nxe4 Nxe4 13.Qxe4 Nf6 14.Qc2 c5 15.Rad1 Qc7
16.Rfe1 cxd4 17.Rxd4 h6 18.Qe2 Rfd8 19.Red1 Rxd4 20.Rxd4 Rd8 21.Qd2 Rxd4
22.Qxd4 Qd8 23.Qxd8+ Bxd8 24.Ne5 Bxg2 25.Kxg2 Bc7 26.Nc6 a5 27.c5 Nd5 28.cxb6 Bxb6
29.Bd4 Bc7 30.Bc5 Nc3 31.a4 Nd5 32.Ne7+ Nxe7 33.Bxe7 f5 34.Kf3 Kf7 35.Bc5 e5
36.Ke3 Ke6 37.b4 axb4 38.Bxb4 g5 39.h3 h5 40.a5 Kd5 41.a6 Bb6+ 42.Ke2 g4
43.hxg4 hxg4 44.Bd2  1/2-1/2

[Event "TCh-BIH"]
[Site "Neum BIH"]
[Date "2002.08.28"]
[Round "6"]
[White "Vaulin,A"]
[Black "Horvath,P1"]
[Result "1/2-1/2"]
[WhiteElo "2544"]
[BlackElo "2514"]

1.c4 e6 2.g3 d5 3.Bg2 Nf6 4.Nf3 Be7 5.d4 O-O 6.O-O dxc4 7.Qc2 a6 8.a4 Bd7
9.Qxc4 Bc6 10.Bg5 b5 11.Qc2 Be4 12.Qc1 Bb7 13.Nbd2 Nbd7 14.Qc2 Qb8 15.e4 Rc8
16.d5 Nf8 17.Rfe1 h6 18.Bxf6 Bxf6 19.e5 Be7 20.Nd4 exd5 21.Nc6 Bxc6 22.Qxc6 bxa4
23.Bxd5 Qxb2 24.Nc4 Qb5 25.e6 fxe6 26.Rxe6 Qxc6 27.Rxc6+ Kh8 28.Rxa4 Bf6
29.Raxa6 Rxa6 30.Rxa6 Rd8 31.Bc6 Bd4 32.Kg2 Ne6 33.h4 Nc5 34.Ra3 g5 35.hxg5 hxg5
36.Ne3 Rf8 37.Ng4 Kg7 38.Ra7 Ne6 39.Ra5 Nc5 40.Rb5 Rd8 41.Nh2 Rd6 42.Bf3 Rb6  1/2-1/2

[Event "GM"]
[Site "Rostock GER"]
[Date "2002.08.29"]
[Round "6"]
[White "Boensch,U"]
[Black "Baramidze,D"]
[Result "0-1"]
[WhiteElo "2540"]
[BlackElo "2351"]

1.d4 d5 2.c4 e6 3.Nf3 Nf6 4.g3 Be7 5.Bg2 O-O 6.O-O dxc4 7.Qc2 a6 8.a4 Bd7
9.Qxc4 Bc6 10.Bg5 a5 11.e3 Na6 12.Qe2 Nb4 13.Rd1 b6 14.Nc3 h6 15.Bxf6 Bxf6
16.Rac1 Rc8 17.h4 Re8 18.e4 Bb7 19.Qe3 Be7 20.Bh3 Bf8 21.Rd2 c5 22.Rcd1 Qf6
23.d5 exd5 24.Bxc8 d4 25.Nxd4 cxd4 26.Qxd4 Qxd4 27.Rxd4 Rxc8 28.Rd7 Ba6 29.Kg2 Bc5
30.Nb5 Nc6 31.f4 f6 32.h5 Kf8 33.Kf3 Be7 34.b3 Rd8 35.Rxd8+ Nxd8 36.Nc7 Bc8
37.Na8 Bb7 38.Nxb6 f5 39.Nd5 Ne6 40.Nxe7 Kxe7 41.Ke3 Bxe4 42.Kd2 Nd4 43.Kc3 Ne2+
44.Kc4 Nxg3 45.Kb5 Bc2 46.Re1+ Kd6 47.Kxa5 Nxh5 48.b4 Nxf4 49.b5 Ne6 50.Rc1 Be4
51.Kb6 g5 52.a5 g4 53.Rd1+ Ke7 54.Rg1 h5 55.a6 h4 56.Re1 h3 57.Ka7 Nd4 58.b6 Nc6+
59.Ka8 h2 60.b7 h1=Q 61.Rxh1 Bxh1  0-1

[Event "ch-RUS"]
[Site "Krasnodar RUS"]
[Date "2002.08.30"]
[Round "4"]
[White "Gleizerov,E"]
[Black "Jakovenko,D"]
[Result "1/2-1/2"]
[WhiteElo "2576"]
[BlackElo "2552"]

1.d4 Nf6 2.c4 e6 3.g3 d5 4.Bg2 Be7 5.Nf3 O-O 6.O-O dxc4 7.Qc2 a6 8.a4 Bd7
9.Qxc4 Bc6 10.Bg5 Bd5 11.Qd3 Be4 12.Qc4 Bd5  1/2-1/2

[Event "Southern California Open"]
[Site "Los Angeles USA"]
[Date "2002.08.31"]
[Round "2"]
[White "Hough,R"]
[Black "Moussa,A"]
[Result "1/2-1/2"]
[WhiteElo "2126"]
[BlackElo "2218"]

1.d4 Nf6 2.c4 e6 3.g3 d5 4.Nf3 Be7 5.Bg2 O-O 6.O-O dxc4 7.Ne5 Nc6 8.Nxc6 bxc6
9.Bxc6 Rb8 10.Bg2 c5 11.dxc5 Bxc5 12.Qc2 Qc7 13.Na3 Ba6 14.Bf4 e5 15.Bg5 Rb4
16.Bd2 Rbb8 17.Bg5 Rb4 18.Bd2 Rbb8  1/2-1/2

[Event "5th Pyramiden-Franken Cup"]
[Site "Fuerth GER"]
[Date "2002.09.06"]
[Round "7"]
[White "Doettling,F"]
[Black "Schenk,Andreas"]
[Result "1-0"]
[WhiteElo "2527"]
[BlackElo "2477"]

1.d4 Nf6 2.Nf3 e6 3.c4 d5 4.g3 Be7 5.Bg2 O-O 6.Qc2 c5 7.dxc5 Qa5+ 8.Qc3 Qxc5
9.cxd5 Nxd5 10.Qxc5 Bxc5 11.Bd2 Nc6 12.Nc3 Nxc3 13.Bxc3 Bd7 14.O-O Rad8 15.Rac1 Bc8
16.a3 Be7 17.e3 Bf6 18.Bxf6 gxf6 19.Rc2 Rd3 20.Rfc1 Rfd8 21.Kf1 e5 22.Ke1 Be6
23.Rd2 R3d7 24.Rxd7 Bxd7 25.Nd2 Kf8 26.Ne4 Ke7 27.Nc5 Rb8 28.Nxd7 Kxd7 29.Rc4 h6
30.Bd5 Ke7 31.Bxc6 bxc6 32.Rxc6 Rxb2 33.Rc7+ Ke6 34.Rxa7 Ra2 35.Kf1 Kf5 36.Kg2 Kg6
37.g4 Ra1 38.h3 Kg5 39.Rxf7 Rxa3 40.Rg7+ Kh4 41.Rg6 h5 42.Rh6 Kg5 43.Rxh5+ Kg6
44.Rf5 Ra2 45.h4 Ra4 46.Kf3 Ra5 47.h5+ Kg7 48.h6+ Kg6 49.h7  1-0

[Event "Kaissa I"]
[Site "Alushta UKR"]
[Date "2002.09.07"]
[Round "9"]
[White "Murashko,V"]
[Black "Kaiumov,D"]
[Result "0-1"]
[WhiteElo "2385"]
[BlackElo "2460"]

1.c4 e6 2.Nf3 Nf6 3.g3 d5 4.d4 Be7 5.Bg2 O-O 6.O-O c6 7.Qc2 Nbd7 8.b3 b6
9.Nc3 Ba6 10.Rd1 dxc4 11.bxc4 Bxc4 12.Nd2 Ba6 13.Bxc6 Rc8 14.Qa4 Nb8 15.Bb5 Bxb5
16.Nxb5 a6 17.Na3 b5 18.Qb3 Qxd4 19.Bb2 Qd5 20.Nf3 Qb7 21.Ne5 Nbd7 22.Nxd7 Nxd7
23.Nc2 Nc5 24.Qc3 Bf6 25.Qa3 Bxb2 26.Qxb2 Na4 27.Qb3 Rc3 28.Qb1 Rc7 29.Rd3 Rfc8
30.Ne3 Nc3 31.Qb2 Qe4 32.Rd6 Rc6 33.Rd7 h6 34.Qd2 Qg6 35.a3 Qf6 36.Rf1 Qg5
37.Qd3 Qc5 38.Ra1 a5 39.Rd8+ Rxd8 40.Qxd8+ Kh7 41.Qxa5 Nxe2+ 42.Kg2 Qe5 43.Re1 Qe4+
44.Kf1 Nd4  0-1

[Event "Kaissa I"]
[Site "Alushta UKR"]
[Date "2002.09.09"]
[Round "12"]
[White "Murashko,V"]
[Black "Konstantinov,Alexa"]
[Result "0-1"]
[WhiteElo "2385"]
[BlackElo "2410"]

1.c4 e6 2.Nf3 d5 3.g3 Nf6 4.d4 Be7 5.Bg2 O-O 6.O-O c6 7.Qc2 Nbd7 8.Nbd2 b6
9.Rd1 Bb7 10.e4 Rc8 11.e5 Ne8 12.b3 c5 13.dxc5 Bxc5 14.Bb2 b5 15.Qd3 bxc4
16.bxc4 Qb6  0-1

[Event "TCh-CRO"]
[Site "Medulin CRO"]
[Date "2002.09.11"]
[Round "3"]
[White "Cvitan,O"]
[Black "Zelcic,R"]
[Result "1/2-1/2"]
[WhiteElo "2574"]
[BlackElo "2565"]

1.c4 Nf6 2.Nf3 e6 3.d4 d5 4.g3 Be7 5.Bg2 O-O 6.O-O dxc4 7.Qc2 a6 8.a4 Bd7
9.Qxc4 Bc6 10.Bg5 Bd5 11.Qc2 Be4 12.Qc1 h6 13.Bxf6 Bxf6 14.Nc3 Bxf3 15.Bxf3 c6
16.e3 a5 17.Rd1 Na6 18.Qc2 Nb4 19.Qb3 Re8 20.Rd2 Qb6 21.Rad1 Rad8 22.h4 Be7
23.h5 Rd7 24.Na2  1/2-1/2

[Event "FSIMC Sept"]
[Site "Budapest HUN"]
[Date "2002.09.13"]
[Round "7"]
[White "Lund,E"]
[Black "Le Kieu Thien Kim"]
[Result "1-0"]
[WhiteElo "2329"]
[BlackElo "2256"]

1.c4 e6 2.g3 d5 3.Bg2 Nf6 4.d4 Be7 5.Nf3 O-O 6.O-O Ne4 7.Nc3 f5 8.Qc2 c6
9.Rb1 a5 10.a3 Bd7 11.Ne5 Be8 12.c5 Nd7 13.Nxd7 Qxd7 14.Na4 Qd8 15.f3 Nf6
16.Nb6 Ra7 17.Bf4 Nh5 18.e3 g5 19.Be5 Bg6 20.Qe2 Nf6 21.Rbd1 g4 22.f4 Nd7
23.Na4 h5 24.Ra1 h4 25.Rfc1 Bf6 26.Qd2 Kg7 27.Kf2 Rh8 28.b3 Qe7 29.Rab1 Raa8
30.Bd6 Qd8 31.Nb2 Be7 32.Be5+ Nxe5 33.dxe5 hxg3+ 34.hxg3 Rh2 35.Nd3 Bh4 36.gxh4 Qxh4+
37.Kf1 Rh8 38.Ne1 Rh1+ 39.Ke2 Rg1 40.Kd3 Qg3 41.Rb2 d4 42.Qf2 Qh2 43.Nf3 Qxg2
44.Rxg1 Qxf2 45.Rxf2 gxf3 46.Rxf3 dxe3 47.Rfg3 Rh6 48.Kxe3 Kf7 49.Kd4 Kg7
50.Kc4 Kf7 51.b4 axb4 52.Kxb4 Bh5 53.Rh1 Rh7 54.Rg5  1-0

[Event "FSIMA Sept"]
[Site "Budapest HUN"]
[Date "2002.09.14"]
[Round "8"]
[White "Horvath,An"]
[Black "Banusz,T"]
[Result "0-1"]
[WhiteElo "2281"]
[BlackElo "2249"]

1.d4 d5 2.Nf3 e6 3.g3 Nf6 4.Bg2 Be7 5.c4 c6 6.b3 O-O 7.O-O Nbd7 8.Nc3 b6
9.Bb2 Ba6 10.Nd2 Rc8 11.a4 Qc7 12.e4 Rfd8 13.e5 Ne8 14.cxd5 cxd5 15.Re1 Qb8
16.f4 g6 17.g4 Ng7 18.Re3 f5 19.Rh3 fxg4 20.Qxg4 Nf8 21.Rd1 Nf5 22.Nf1 Bb4
23.Kh1 Rc7 24.Ba1 Rdc8 25.Na2 Ba5 26.Ne3 Nxe3 27.Rxe3 Rc2 28.b4 Rxa2 29.bxa5 Rcc2
30.Bf1 Bxf1 31.Rxf1 Qc7 32.Qh3 Qc4 33.Rfe1 Rc1  0-1

[Event "Autumn I"]
[Site "Alushta UKR"]
[Date "2002.09.16"]
[Round "2"]
[White "Yevseev,D"]
[Black "Nikitin,An"]
[Result "1-0"]
[WhiteElo "2546"]
[BlackElo "2471"]

1.d4 d5 2.c4 e6 3.Nf3 Be7 4.g3 Nf6 5.Bg2 O-O 6.O-O dxc4 7.Ne5 c5 8.dxc5 Bxc5
9.Nxc4 Nc6 10.Nc3 Qe7 11.Bg5 Rd8 12.Qc1 Bd4 13.Ne4 h6 14.Bxf6 Bxf6 15.Rd1 Bd7
16.Qf4 Rab8 17.Nxf6+ Qxf6 18.Qxf6 gxf6 19.Nd6 Kf8 20.Nxb7 Rxb7 21.Bxc6 Rc7
22.Bf3 Rb8 23.b3 a5 24.Rac1 Rxc1 25.Rxc1 a4 26.bxa4 Bxa4 27.Rc7 Rb2 28.Bh5 Be8
29.Ra7 Rb1+ 30.Kg2 Ra1 31.f4 e5 32.Bf3 Rd1 33.a4 Rd4 34.a5 e4 35.Bh5 f5 36.Kf2 Kg7
37.g4 fxg4 38.Bxg4 Ra4 39.Ke3 Kg6 40.Ra6+ f6 41.h4 h5 42.Be6 Bb5 43.f5+ Kg7
44.Ra7+ Kh8 45.Rf7 Rxa5 46.Rxf6 Ra3+ 47.Kf4 Bxe2 48.Kg5  1-0

[Event "FSIMB Sept"]
[Site "Budapest HUN"]
[Date "2002.09.16"]
[Round "10"]
[White "Dudas,Jano"]
[Black "Korpics,Z"]
[Result "1/2-1/2"]
[WhiteElo "2368"]
[BlackElo "2331"]

1.c4 e6 2.g3 d5 3.Bg2 Nf6 4.Nf3 Be7 5.d4 O-O 6.O-O dxc4 7.Na3 Bxa3 8.bxa3 Bd7
9.Ne5 Bc6 10.Nxc6 Nxc6 11.Bb2 Nd5 12.Rb1 Nb6 13.e3 Qd6 14.Qc2 Rfd8 15.Rfd1 Rab8
16.e4 e5 17.d5 Nd4 18.Bxd4 exd4 19.Rxd4 Qc5 20.Qc3 c6 21.a4 Nxa4 22.Qxc4 Qxc4
23.Rxc4 Nb6 24.dxc6 Nxc4 25.c7 Rdc8 26.cxb8=Q Rxb8  1/2-1/2

[Event "ECC"]
[Site "Halkidiki GRE"]
[Date "2002.09.22"]
[Round "1"]
[White "Stohl,I"]
[Black "Georgiev,Ki"]
[Result "1/2-1/2"]
[WhiteElo "2556"]
[BlackElo "2654"]

1.c4 Nf6 2.Nf3 e6 3.g3 d5 4.Bg2 Be7 5.d4 O-O 6.O-O dxc4 7.Qc2 a6 8.Qxc4 b5
9.Qc2 Bb7 10.Bf4 Nc6 11.Rd1 Nb4 12.Qc1 Rc8 13.Nc3 Nbd5 14.Nxd5 Nxd5 15.Bg5 c5
16.dxc5 Qe8 17.Bxe7 Qxe7 18.Qd2 Rxc5 19.Rac1 Rfc8 20.Ne5 h6 21.Nd3 Rc4 22.b3 R4c7
23.Rxc7 Rxc7 24.Rc1 Rxc1+ 25.Qxc1 a5 26.a3 b4 27.axb4 Nxb4  1/2-1/2

[Event "ECC"]
[Site "Halkidiki GRE"]
[Date "2002.09.27"]
[Round "6"]
[White "Filippov,V"]
[Black "Portisch,L"]
[Result "1-0"]
[WhiteElo "2615"]
[BlackElo "2599"]

1.Nf3 d5 2.d4 Nf6 3.c4 e6 4.g3 Be7 5.Bg2 O-O 6.O-O Nbd7 7.Qc2 c6 8.Nbd2 b6
9.e4 Bb7 10.e5 Ne8 11.cxd5 cxd5 12.Re1 Rc8 13.Qa4 a5 14.Bf1 Nb8 15.Bd3 Ba6
16.Bb1 Nc6 17.Nf1 Bb4 18.Bd2 f5 19.Qd1 Be7 20.h4 b5 21.Bg5 h6 22.Bxe7 Qxe7
23.Ne3 a4 24.a3 Na5 25.Bc2 Bb7 26.Ng2 Nc4 27.Nf4 Nxb2 28.Qb1 Nc4 29.Ng6 Qd7
30.Nxf8 Kxf8 31.h5 Ke7 32.Nh4 Kd8 33.Qb4 Bc6 34.Ng6 Qa7 35.Bd3 Qd7 36.Rab1 Rc7
37.Red1 Kc8 38.Qc5 Kd8 39.Nf4 Qe7 40.Rxb5 Bxb5 41.Qxb5 Qd7 42.Qb4 Qe7 43.Qxa4 Qd7
44.Qb4 Qe7 45.Bxc4 Rxc4 46.Qb8+ Kd7 47.Rb1 Nc7 48.Rb6 Rc6 49.Rxc6 Kxc6 50.a4 Kd7
51.Ng6 Qd8 52.Qb4 Kc8 53.a5 Qd7 54.Nf4  1-0

[Event "ECC"]
[Site "Halkidiki GRE"]
[Date "2002.09.28"]
[Round "7"]
[White "Krasenkow,M"]
[Black "Pigusov,E"]
[Result "1/2-1/2"]
[WhiteElo "2662"]
[BlackElo "2622"]

1.d4 Nf6 2.c4 e6 3.Nf3 d5 4.g3 Be7 5.Bg2 O-O 6.O-O dxc4 7.Ne5 Nc6 8.Nxc6 bxc6
9.e3 Nd5 10.Qa4 Rb8 11.Qxc4 c5 12.dxc5 Nb4 13.Qb3 Na6 14.Qc2 Nb4 15.Qb3  1/2-1/2

[Event "7th ECCW"]
[Site "Antalya TUR"]
[Date "2002.10.01"]
[Round "3"]
[White "Kachiani,K"]
[Black "Bojkovic,N"]
[Result "1/2-1/2"]
[WhiteElo "2439"]
[BlackElo "2424"]

1.d4 Nf6 2.c4 e6 3.g3 d5 4.Nf3 Be7 5.Bg2 O-O 6.O-O dxc4 7.Qc2 a6 8.a4 Bd7
9.Qxc4 Bc6 10.Bf4 a5 11.Nc3 Na6 12.Rfd1 Nb4 13.Be5 Bd6 14.Bxf6 Qxf6 15.e4 e5
16.Rd2 Rfe8 17.dxe5 Bxe5 18.Nxe5 Qxe5 19.Rad1 h6 20.f4 Qe7 21.e5 Red8 22.Bxc6 bxc6
23.Kf2 Rab8 24.Rxd8+ Rxd8 25.Rd4 Rxd4 26.Qxd4 Nc2 27.Qe4 Qc5+ 28.Kg2 Ne3+
29.Kf3 Nd5  1/2-1/2